Evaluation on multipurpose farm in tramkok district, takeo, (ការសិក្សាវាយតំម្លៃទៅលើសិដ្ឋានប្រយោជន៍ នៅស្រុកត្រំាកក់) (Record no. 1440)

000 -LEADER
fixed length control field 00579nam a22001577a 4500
003 - CONTROL NUMBER IDENTIFIER
control field OSt
005 - DATE AND TIME OF LATEST TRANSACTION
control field 20150928183824.0
008 - FIXED-LENGTH DATA ELEMENTS--GENERAL INFORMATION
fixed length control field 150928b xxu||||| |||| 00| 0 eng d
040 ## - CATALOGING SOURCE
Transcribing agency RUA
082 ## - DEWEY DECIMAL CLASSIFICATION NUMBER
Classification number AGR AN 2003 B059 Or.1
100 ## - MAIN ENTRY--PERSONAL NAME
9 (RLIN) 1531
Personal name AN KIMHENG
245 ## - TITLE STATEMENT
Title Evaluation on multipurpose farm in tramkok district, takeo, (ការសិក្សាវាយតំម្លៃទៅលើសិដ្ឋានប្រយោជន៍ នៅស្រុកត្រំាកក់)
260 ## - PUBLICATION, DISTRIBUTION, ETC. (IMPRINT)
Place of publication, distribution, etc. phnom penh
Name of publisher, distributor, etc. RUA
Date of publication, distribution, etc. 2003
300 ## - PHYSICAL DESCRIPTION
Extent 38p.
Other physical details ill.
Dimensions 29cm.
942 ## - ADDED ENTRY ELEMENTS (KOHA)
Source of classification or shelving scheme
Koha item type AGR
Holdings
Price effective from Date last seen Permanent Location Not for loan Date acquired Source of classification or shelving scheme Koha item type Lost status Withdrawn status Date last checked out Total Checkouts Shelving location Damaged status Barcode Current Location Full call number
2015-09-282015-09-28Library Block B 2015-09-28 AGR    B059 RUA005104Library Block BAGR AN 2003 B059 Or.1
2015-09-282016-06-15Library Block B 2015-09-28 AGR  2016-06-151B059 RUA005063Library Block BAGR AN 2003 B059 Or.2
2015-09-282015-09-28Library Block B 2015-09-28 AGR    B059 RUA005031Library Block BAGR AN 2003 B059 Or.3
2015-09-282015-09-28Library Block B 2015-09-28 AGR    B059 RUA005175Library Block BAGR AN 2003 B059 Or.4
2015-09-282015-09-28Library Block B 2015-09-28 AGR    B059 RUA005066Library Block BAGR AN 2003 B059 Or.5
2015-09-282015-09-28Library Block B 2015-09-28 AGR    B059 RUA005065Library Block BAGR AN 2003 B059 Or.6
មជ្ឈមណ្ឌលឯការនៃសាកលវិទ្យាល័យភូមិន្ទកសិកម្មចំការដូង

Powered by Koha